Busiest airports by passenger traffic (Global, 2024) - Statistics

General Stats
  • This quiz has been taken 119 times
  • The average score is 40 of 50
Answer Stats
Rank Country Airport Passengers % Correct
4 ๐Ÿ‡ฏ๐Ÿ‡ต Tokyo Haneda Airport 85m
100%
5 ๐Ÿ‡ฌ๐Ÿ‡ง Heathrow Airport 83m
99%
19 ๐Ÿ‡บ๐Ÿ‡ธ John F. Kennedy International Airport 63m
99%
41 ๐Ÿ‡บ๐Ÿ‡ธ Newark Liberty International Airport 48m
99%
1 ๐Ÿ‡บ๐Ÿ‡ธ Hartsfieldโ€“Jackson Atlanta International Airport 108m
98%
14 ๐Ÿ‡ซ๐Ÿ‡ท Charles de Gaulle Airport 70m
97%
2 ๐Ÿ‡ฆ๐Ÿ‡ช Dubai International Airport 92m
97%
9 ๐Ÿ‡ฎ๐Ÿ‡ณ Indira Gandhi International Airport 77m
97%
11 ๐Ÿ‡บ๐Ÿ‡ธ Los Angeles International Airport 76m
97%
31 ๐Ÿ‡ฎ๐Ÿ‡ณ Chhatrapati Shivaji Maharaj International Airport 54m
94%
18 ๐Ÿ‡ช๐Ÿ‡ธ Adolfo Suรกrez Madridโ€“Barajas Airport 66m
93%
7 ๐Ÿ‡บ๐Ÿ‡ธ O'Hare International Airport 80m
93%
45 ๐Ÿ‡จ๐Ÿ‡ณ Shanghai Hongqiao International Airport 47m
93%
10 ๐Ÿ‡จ๐Ÿ‡ณ Shanghai Pudong International Airport 76m
93%
3 ๐Ÿ‡บ๐Ÿ‡ธ Dallas Fort Worth International Airport 87m
92%
32 ๐Ÿ‡ญ๐Ÿ‡ฐ Hong Kong International Airport 53m
92%
36 ๐Ÿ‡บ๐Ÿ‡ธ San Francisco International Airport 52m
92%
16 ๐Ÿ‡จ๐Ÿ‡ณ Beijing Capital International Airport 67m
91%
38 ๐Ÿ‡จ๐Ÿ‡ณ Beijing Daxing International Airport 49m
91%
13 ๐Ÿ‡ฐ๐Ÿ‡ท Seoul Incheon International Airport 70m
91%
17 ๐Ÿ‡ณ๐Ÿ‡ฑ Amsterdam Airport Schiphol 66m
90%
27 ๐Ÿ‡บ๐Ÿ‡ธ Miami International Airport 55m
90%
8 ๐Ÿ‡น๐Ÿ‡ท Istanbul Airport 79m
89%
48 ๐Ÿ‡จ๐Ÿ‡ฆ Toronto Pearson International Airport 46m
86%
22 ๐Ÿ‡ฉ๐Ÿ‡ช Frankfurt Airport 59m
85%
39 ๐Ÿ‡ฎ๐Ÿ‡น Leonardo da Vinci Rome Fiumicino Airport 49m
84%
43 ๐Ÿ‡บ๐Ÿ‡ธ George Bush Intercontinental Airport 48m
83%
33 ๐Ÿ‡ถ๐Ÿ‡ฆ Hamad International Airport 52m
83%
6 ๐Ÿ‡บ๐Ÿ‡ธ Denver International Airport 82m
82%
21 ๐Ÿ‡น๐Ÿ‡ญ Suvarnabhumi Airport 59m
82%
28 ๐Ÿ‡ช๐Ÿ‡ธ Josep Tarradellas Barcelonaโ€“El Prat Airport 55m
80%
50 ๐Ÿ‡ฒ๐Ÿ‡ฝ Mexico City International Airport 45m
80%
34 ๐Ÿ‡บ๐Ÿ‡ธ Seattleโ€“Tacoma International Airport 52m
80%
15 ๐Ÿ‡ธ๐Ÿ‡ฌ Singapore Changi Airport 67m
80%
30 ๐Ÿ‡ฎ๐Ÿ‡ฉ Soekarnoโ€“Hatta International Airport 54m
78%
12 ๐Ÿ‡จ๐Ÿ‡ณ Guangzhou Baiyun International Airport 76m
74%
24 ๐Ÿ‡บ๐Ÿ‡ธ Harry Reid International Airport 58m
69%
49 ๐Ÿ‡จ๐Ÿ‡ด El Dorado International Airport 45m
68%
37 ๐Ÿ‡ต๐Ÿ‡ญ Ninoy Aquino International Airport 50m
68%
25 ๐Ÿ‡บ๐Ÿ‡ธ Orlando International Airport 57m
68%
26 ๐Ÿ‡ฒ๐Ÿ‡พ Kuala Lumpur International Airport 57m
66%
35 ๐Ÿ‡บ๐Ÿ‡ธ Phoenix Sky Harbor International Airport 52m
66%
47 ๐Ÿ‡จ๐Ÿ‡ณ Xi'an Xianyang International Airport 47m
64%
29 ๐Ÿ‡จ๐Ÿ‡ณ Chengdu Tianfu International Airport 54m
60%
42 ๐Ÿ‡จ๐Ÿ‡ณ Chongqing Jiangbei International Airport 48m
57%
23 ๐Ÿ‡บ๐Ÿ‡ธ Charlotte Douglas International Airport 58m
56%
40 ๐Ÿ‡ธ๐Ÿ‡ฆ King Abdulaziz International Airport 49m
56%
20 ๐Ÿ‡จ๐Ÿ‡ณ Shenzhen Bao'an International Airport 61m
55%
44 ๐Ÿ‡จ๐Ÿ‡ณ Hangzhou Xiaoshan International Airport 48m
44%
46 ๐Ÿ‡จ๐Ÿ‡ณ Kunming Changshui International Airport 47m
30%
No matching quizzes found
Score Distribution
Percent of People with Each Score
Percentile by Number Answered
Your Score History
You have not taken this quiz